000 01103nam a2200325 i 4500
001 200459426
003 TR-AnTOB
005 20240927153151.0
007 ta
008 240226s2023 tu 000 0 tur d
020 _a9786254325328
_q(paperback)
035 _a(TR-AnTOB)200459426
040 _aTR-AnTOB
_beng
_erda
_cTR-AnTOB
041 0 _atur
050 4 _aKKX1050
_b.N373 2023
090 _aKKX1050
_b.N373 2023
100 1 _aNarbay, Şafak
_eauthor
_9145080
245 1 0 _aOrtaklıklar hukuku uygulama çalışmaları II :
_b(tamamı cevaplandırılmış çoktan seçmeli sorular) /
_cProf. Dr. Şafak Narbay [and five others].
250 _a1. baskı.
264 1 _aİstanbul :
_bOn İki Levha Yayıncılık,
_c2023.
300 _axix, 227 pages ;
_c24 cm
336 _atext
_btxt
_2rdacontent
337 _aunmediated
_bn
_2rdamedia
338 _avolume
_bnc
_2rdacarrier
500 _a"Yayın no: 2290" title page verso.
650 0 7 _aŞirketler hukuku
_zTürkiye
_2etuturkob
_9107934
650 0 7 _aOrtaklık
_zTürkiye
_2etuturkob
_958391
942 _2lcc
_cBK
999 _c200459426
_d77638